Industries by Panem District - Statistics

General Stats
  • This quiz has been taken 54 times
  • The average score is 9 of 13
Answer Stats
District Industry % Correct
12 Coal
95%
4 Fishing
90%
7 Lumber
90%
1 Luxury Goods
78%
11 Agriculture
68%
3 Technology
68%
9 Grain
63%
5 Power
63%
6 Transportation
63%
10 Livestock
60%
8 Textiles
60%
2 Masonry/ Defense
53%
13 NuclearWeapons
50%
No matching quizzes found
Score Distribution
Percent of People with Each Score
Percentile by Number Answered
Your Score History
You have not taken this quiz